00579nam a22002057a 450000500170000001000130001702000230003003500130005303700160006604000120008208200180009410000190011224500630013126000440019427000460023830000280028450000190031265000250033165000170035620170124110206.0 aA-840281 c295.00a8120310276 aA-840281 bCen Lib/Ret aDPLbEN a001.6424bHAT aHatfield, Bill aDeveloping PowerBuilder 4 applications /cby Bill Hatfield bPrintice-Hall of IndiaaNew Delhic1995 bNew DelhiaM-97, Cannaught Circuse110001 a910p. :c25cm(Hb)bill. aIncludes index aApplication software aPowerBuilder